|
|
|
|
| LEADER |
00000nas a2200000 a 4500 |
| 001 |
ssj0008082 |
| 003 |
WaSeSS |
| 005 |
20200512172242.0 |
| 006 |
m d |
| 007 |
cr n |
| 008 |
020830c19919999enkfr pss 0 0eng c |
| 010 |
|
|
|a 2007233322
|
| 015 |
|
|
|a GBB400778
|2 bnb
|
| 016 |
7 |
|
|a 2045645-1
|2 DE-600
|
| 016 |
7 |
|
|a 012901524
|2 Uk
|
| 022 |
|
|
|a 1474-0524
|l 0957-4239
|y 0957-4239
|
| 035 |
|
|
|a (WaSeSS)ssj0008082
|
| 040 |
|
|
|a F#A
|b eng
|c F#A
|d OCLCQ
|d OCLCS
|d GUA
|d OCLCQ
|d OCLCF
|d OCLCO
|d OCLCQ
|d OCLCO
|d NLE
|d NTG
|d AU@
|d UKMGB
|d AUD
|d WaSeSS
|
| 041 |
0 |
|
|a eng
|a fre
|
| 042 |
|
|
|a pcc
|
| 043 |
|
|
|a ma-----
|
| 050 |
1 |
4 |
|a DS36.8
|
| 060 |
0 |
0 |
|a W1
|b AR104
|
| 082 |
0 |
4 |
|a 001.2
|
| 130 |
0 |
|
|a Arabic sciences and philosophy (Online)
|
| 245 |
1 |
0 |
|a Arabic sciences and philosophy
|h [electronic resource] :
|b a historical journal.
|
| 260 |
|
|
|a [Cambridge, England] :
|b Cambridge University Press
|
| 310 |
|
|
|a Semiannual
|
| 362 |
1 |
|
|a Print began with vol. 1, no. 1 (Mar. 1991).
|
| 506 |
|
|
|a License restrictions may limit access.
|
| 538 |
|
|
|a Mode of access: World Wide Web.
|
| 546 |
|
|
|a Text in English or French with abstracts in French and English.
|
| 588 |
|
|
|a Description based on: Vol. 10, no. 1 (2000); title from contents screen (Cambridge Journals, viewed July 11, 2007).
|
| 588 |
|
|
|a Latest issue consulted: Vol. 17, issue 1 (Mar. 2007), viewed July 11, 2007.
|
| 650 |
|
0 |
|a Learning and scholarship
|z Arab countries
|x History
|v Periodicals.
|
| 650 |
|
0 |
|a Science
|z Arab countries
|x History
|v Periodicals.
|
| 650 |
|
0 |
|a Philosophy, Arab
|x History
|v Periodicals.
|
| 650 |
|
7 |
|a Learning and scholarship.
|2 fast
|0 (OCoLC)fst00994857
|
| 650 |
|
7 |
|a Philosophy, Arab.
|2 fast
|0 (OCoLC)fst01060873
|
| 650 |
|
7 |
|a Science.
|2 fast
|0 (OCoLC)fst01108176
|
| 651 |
|
7 |
|a Arab countries.
|2 fast
|0 (OCoLC)fst01240128
|
| 655 |
|
0 |
|a Electronic journals.
|
| 776 |
0 |
8 |
|i Print version:
|t Arabic sciences and philosophy
|x 0957-4239
|w (DLC) 91640971
|w (OCoLC)23882909
|
| 856 |
4 |
0 |
|z Full text available from Research Library: 03/01/2001 to 1 year ago
|u https://search.proquest.com/publication/37262
|